Statistics for Grand Theft Auto: Vice City - V-Rock radio tracks

Click here to take the quiz!

General Stats

  • This quiz has been taken 6 times
  • The average score is 9 of 17

Answer Stats

PerfformerSong% Correct
Quiet RiotCum On Feel the Noize
83%
Twisted SisterI Wanna Rock
83%
Iron Maiden2 Minutes to Midnight
67%
Judas PriestYou've Got Another Thing Comin'
67%
Mötley CrüeToo Young to Fall in Love
67%
Ozzy OsbourneBark at the Moon
67%
AutographTurn Up the Radio
50%
Love FistFist Fury
50%
Love FistDangerous Bastard
50%
SlayerRaining Blood
50%
AnthraxMadhouse
33%
David Lee RothYankee Rose
33%
LoverboyWorking for the Weekend
33%
MegadethPeace Sells
33%
TeslaCumin' Atcha Live
33%
The CultShe Sells Sanctuary
33%
AlcatrazzGod Blessed Video
17%

Score Distribution

Percentile by Number Answered

Percent of People with Each Score

Your Score History

You have not taken this quiz